|
|
|
|
| LEADER |
01038nam a22002417a 4500 |
| 001 |
40271 |
| 003 |
BD-DhAAL |
| 008 |
221222t2019 bg a|||| |||| 00| 0 ben d |
| 999 |
|
|
|c 45256
|d 45256
|
| 020 |
|
|
|a 9789845250610
|
| 040 |
|
|
|a BD-DhAAL
|c BD-DhAAL
|
| 041 |
|
|
|a ben
|
| 082 |
|
|
|a 954.9205
|2 23
|
| 245 |
|
|
|a বিজয়ের মুহূর্ত ১৯৭১ /
|c মতিউর রহমান সম্পাদিত.
|
| 246 |
|
|
|a Bijoyer muhurto 1971
|
| 260 |
|
|
|a ঢাকা :
|b প্রথমা প্রকাশন,
|c ২০১৯.
|
| 300 |
|
|
|a ১২৭ পৃষ্ঠা ;
|c ২২ সে.মি.
|
| 541 |
|
|
|a Donated By Akbar Ali Khan
|e 40271
|
| 651 |
|
|
|a Bangladesh
|x History
|y Revolution, 1971.
|9 53172
|
| 700 |
|
|
|a রহমান, মতিউর
|9 53173
|
| 852 |
|
|
|a Ayesha Abed Library
|c Akbar Ali Khan Collection
|
| 942 |
|
|
|2 ddc
|c BK
|
| 952 |
|
|
|0 0
|1 0
|2 ddc
|4 0
|6 954_920500000000000_BIJ
|7 1
|9 72576
|a BRACUL
|b BRACUL
|c AAKC
|d 2022-12-22
|e Donated by Akbar Ali Khan
|g 250.00
|l 0
|o 954.9205 BIJ
|p 3010040271
|r 2022-12-22
|t 1
|w 2022-12-22
|y BK
|